000 01169cam a22003134a 4500
001 12580
003 BD-RjUL
005 20211208235323.0
008 140129s2004 fluab b 101 0 eng
020 _a156670443X
035 _a(BD-RjUL)12629
040 _aDLC
_cDLC
_dDLC
_dBD-RjUL
_beng
041 _aeng
082 0 0 _a621.3678
_222
_bREM 2004
245 0 0 _aRemote sensing and GIS accuracy assessment /
_cedited by Ross S. Lunetta, John G. Lyon.
260 _aBoca Raton, Fla. :
_bCRC Press,
_c2004.
300 _a304 p. :
_bill. (some col.), maps (some col.) ;
_c26 cm.
500 _aResults of a symposium held in Las Vegas, Nev., Dec. 11-13, 2001.
504 _aIncludes bibliographical references and index.
650 0 _aRemote sensing
_vCongresses.
_939190
650 0 _aGeographic information systems
_vCongresses.
_939191
650 0 _aSpatial analysis (Statistics)
_vCongresses.
_939192
700 1 _aLunetta, Ross S.
_939193
700 1 _aLyon, J. G.
_q(John G.)
_939194
856 4 2 _3Publisher description
_uhttp://www.loc.gov/catdir/enhancements/fy0646/2004045728-d.html
942 _2ddc
_cBK
999 _c12580
_d12580